[Event "GER-ch U12 Girls"]
[Site "Willingen"]
[Date "2023.05.31"]
[Round "6"]
[White "Eitel, Liz"]
[Black "Neumann, Anna Lena"]
[Result "1-0"]
[WhiteElo "971"]
[BlackElo "740"]
[PlyCount "81"]
[EventDate "2023.05.27"]
[EventType "swiss"]
[EventRounds "9"]
[EventCountry "GER"]
[SourceTitle "CBM 214 Extra"]
[Source "ChessBase"]
[SourceDate "2023.07.31"]
[SourceVersion "1"]
[SourceVersionDate "2023.07.31"]
[SourceQuality "1"]

1. e4 e5 2. Nc3 Nf6 3. f4 Nc6 4. fxe5 Nxe5 5. d4 Nc6 6. Nf3 Bb4 7. Bd2 d6 8. Bc4 0-0 9. e5 d5 10. exf6 Qxf6 11. Be2 Re8 12. 0-0 Qg6 13. Nxd5 Bh3 14. Rf2 Bd6 15. Nf4 Bxf4 16. Bxf4 Re4 17. Bxc7 Rae8 18. Bd3 a5 19. Bxe4 Rxe4 20. d5 Rg4 21. Bg3 Nd8 22. Ne5 Qe4 23. Nxg4 Bxg4 24. Qe1 f5 25. Qxe4 fxe4 26. Rf4 Bd7 27. Rxe4 b5 28. c4 b4 29. Rc1 Nf7 30. Re7 Ba4 31. b3 Kf8 32. Rxf7+ Kxf7 33. bxa4 h5 34. d6 g5 35. d7 Ke7 36. Rd1 Kd8 37. Bc7+ Ke7 38. d8Q+ Ke6 39. Qe8+ Kf5 40. Rf1+ Kg4 41. Qe4# 1-0

[Event "GER-ch U12 Girls"]
[Site "Willingen"]
[Date "2023.05.29"]
[Round "3"]
[White "Schoenknecht, Mathilde"]
[Black "Neumann, Anna Lena"]
[Result "1-0"]
[WhiteElo "1008"]
[BlackElo "740"]
[PlyCount "87"]
[EventDate "2023.05.27"]
[EventType "swiss"]
[EventRounds "9"]
[EventCountry "GER"]
[SourceTitle "CBM 214 Extra"]
[Source "ChessBase"]
[SourceDate "2023.07.31"]
[SourceVersion "1"]
[SourceVersionDate "2023.07.31"]
[SourceQuality "1"]

1. e4 e5 2. Nf3 Nc6 3. Bc4 Nd4 4. Nxd4 exd4 5. d3 Nf6 6. 0-0 d5 7. exd5 Nxd5 8. c3 Bc5 9. b4 Bd6 10. Bxd5 Qh4 11. g3 Qh3 12. Qf3 0-0 13. Bf4 Bg4 14. Qg2 Qh5 15. f3 Bh3 16. Qf2 Qg6 17. Bxd6 Qxd6 18. Be4 Rfe8 19. Rc1 Qa6 20. Rd1 Qa4 21. Nd2 Qc2 22. c4 a6 23. g4 b5 24. Bxa8 Rxa8 25. Ne4 Qa4 26. Rdb1 Qa3 27. Qxd4 bxc4 28. Qxc4 Rf8 29. Rb3 Qa4 30. b5 Qa5 31. bxa6 Qe5 32. Rab1 h6 33. Ra3 Qe8 34. Qd5 c6 35. Qb3 Qa8 36. Qb7 Qe8 37. a7 Kh7 38. a8Q Qe5 39. Qxf8 Qd4+ 40. Nf2 Qf4 41. Qbxf7 Qxf7 42. Qxf7 c5 43. Rb7 c4 44. Qxg7# 1-0